| 000 | 00381nam a2200157Ia 4500 | ||
|---|---|---|---|
| 008 | 230312s9999||||xx |||||||||||||| ||und|| | ||
| 020 | _a0-471-48953-0 | ||
| 082 |
_a729 _bINT |
||
| 100 | _aFarelly;Lorraine | ||
| 245 | 0 | _aBar and Restaurant | |
| 260 |
_bWiley-Academy _aItaly _c2003 |
||
| 300 | _a208 | ||
| 546 | _aEng. | ||
| 650 |
_aArchitecture _vBar and Restaurant |
||
| 942 | _cBK | ||
| 999 |
_c9225 _d9225 |
||